Statistics for Formula 1 Champions

Click here to take the quiz!

General Stats

  • This quiz has been taken 196 times
    (38 since last reset)
  • The average score is 20 of 26

Answer Stats

QuestionAnswer% Correct
Which driver won five consecutive World Championships between 2000 and 2004?Michael Schumacher
100%
Which French F1 driver has won the most World Championships?Alain Prost
93%
For which constructor's team did Michael Schumacher race while winning World Championships from 2000 to 2004?Ferrari
93%
For which constructor's team did Lewis Hamilton race while winning World Championships?Mercedes
93%
For which constructor's team did Sebastian Vettel race while winning World Championships?Red Bull
93%
Which two F1 drivers hav won a joint-record seven World Drivers' Championship titles?Schumacher and Hamilton
93%
For which constructor's team did Max Verstappen race while winning World Championships from 2021 to 2023?Red Bull
89%
Which driver won four consecutive World Championships between 2010 and 2013?Sebastian Vettel
89%
In 2021, at which race did Max Verstappen controversially overtake Lewis Hamilton on the last lap to win the World championship title?Abu Dhabi
86%
Which Italian F1 driver has won the most World Championships?Alberto Ascari
86%
In 2016, who became F1 World Champion and then announced his retirement from the sport five days later?Nico Rosberg
86%
Which F1 driver won World Championships in 1951, 1954, 1955, 1956 and 1957?Juan Manuel Fangio
82%
Which driver won two consecutive World Championships in 1998 and 1999?Mika Häkkinen
82%
For which constructor's team did Ayrton Senna race while winning three World Championships?McLaren
79%
Which Finnish F1 driver has won the most World Championships?Mika Häkkinen
79%
Which Australian F1 driver has won the most World Championships?Jack Brabham
75%
Which F1 driver won World Championships in 1988, 1990 and 1991?Ayrton Senna
71%
Who was the only F1 driver World champion from Canada?Jacques Villeneuve
71%
Who was the first F1 driver World champion from United States?Phil Hill
68%
Who was the youngest Formula One champion?Sebastian Vettel
68%
Who was the only F1 driver World champion from South Africa?Jody Scheckter
64%
Which driver won F1 World Championship in 1982 while winning in only one race?Keke Rosberg
61%
Which F1 has the most entries in the history without winning the World Championship?Rubens Barrichello
61%
Who is the oldest F1 Champion?Juan Manuel Fangio
57%
Besides Lewis Hamilton who is the only F1 Champion who was also former F2 champion?Nico Rosberg
54%
Who was the only F1 driver World champion from New Zealand?Denny Hulme
50%

Score Distribution

Percentile by Number Answered

Percent of People with Each Score

Your Score History

You have not taken this quiz since the last reset